000 00947nam a2200301Ia 4500
003 OSt
005 20220912150805.0
006 a|||||r|||| 00| 0
007 ta
008 220909b |||||||| |||| 00| 0 eng d
020 _a8181281969 (pbk)
024 _a13086
037 _b714, 22/12/2004, Unilib Book Distributors
037 _cTextual
040 _aCSL
_beng
_cCSL
041 _aeng
082 _aCN2, P1;1 TC
100 _aSalinas Silvio R A
245 0 _aIntroduction to statistical physics
260 _aNew York
_b Springer-Verlag
_c2001
300 _axii, 377p.
_ccm.
490 _aGraduate texts in contemporary physics
500 _aAppendices 357-369p; Bibliography 371-374p; Index 375-377p.
_ccm.
650 _a Statistical physics
650 _aPhysics
942 _hCN2, P1;1 TC
_cTEXL
_2CC
999 _c55079
_d55079